Vista normal Vista MARC

Entrada Topical Term

Número de registros utilizados en: 1

001 - CONTROL NUMBER

  • control field: 12895

003 - CONTROL NUMBER IDENTIFIER

  • control field: OSt

005 - DATE AND TIME OF LATEST TRANSACTION

  • control field: 20210129200107.0

008 - FIXED-LENGTH DATA ELEMENTS

  • fixed length control field: 210129|| aca||aabn | a|a d

040 ## - CATALOGING SOURCE

  • Original cataloging agency: OSt
  • Transcribing agency: OSt

150 ## - HEADING--TOPICAL TERM

  • Topical term or geographic name entry element: Actos Administrativos.
  • Geographic subdivision: Colombia

670 ## - SOURCE DATA FOUND

  • Source citation: Work cat.: (OSt)0: Lamprea Rodríguez, Pedro Antonio, autor 12894, Anulación de los actos de la administración pública : , 1996